000 00852cab a2200193 4500
001 ##L135372
008 061020n2006 000 0 eng u
035 _a(Sirsi) u135375
041 _aeng
100 1 _aWatson, Stuart
245 0 0 _aEast Midlands
260 3 _c2006
490 0 _aProperty Week
_v71(41) 13 October 2006, 87-109(8)
520 _aFocuses mainly on the retail and industrial markets in the East Midlands. Looks at: Hammerson's Highcross Quarter which is aiming to attract high fashion retailers; ProLogis which has been given the go-ahead to add more warehousing to Northampton's logistic landscape and a £53m Peel Holdings scheme that should make Nottingham's station area more welcoming.
590 _aIKA311006
651 4 _aUNITED KINGDON
690 _aPROPERTY-COMMERCIAL PROPERTY-COMMERCIAL PROPERTY MARKET
942 _n0
999 _c77879
_d77879